Secret European City and European Countries - Statistics

General Stats
  • This quiz has been taken 190 times
  • The average score is 9 of 46
Answer Stats
Country % Correct
i
90%
Swede
54%
Russi
52%
Spi
29%
Frce
26%
drr
25%
Ired
24%
ermy
22%
Ity
22%
Mc
22%
Mt
22%
reece
22%
rwy
22%
eium
20%
Esti
20%
Fid
20%
Ksv
20%
Prtu
20%
Iced
19%
tvi
19%
Pd
18%
Seri
18%
Demrk
17%
erus
17%
Rmi
17%
Ukrie
17%
Crti
16%
etherds
16%
ithui
16%
Svei
16%
Svki
16%
Uited Kidm
15%
uri
15%
ustri
15%
Hury
14%
Switzerd
14%
BOLOGNA
13%
Mdv
13%
uxemur
13%
S Mri
12%
Vtic City
11%
Czech Repuic
10%
iechtestei
10%
Mcedi
10%
Mteer
8%
si d Herzevi
5%
No matching quizzes found
Score Distribution
Percent of People with Each Score
Percentile by Number Answered
Your Score History
You have not taken this quiz